Statistics for Top 10 Formula One Drivers Starting With 'T'

Click here to take the quiz!

General Stats

  • This quiz has been taken 39 times
  • The average score is 5 of 10

Answer Stats

Lp.NationalityCareerDriver% Correct
3Italian1997-2011Jarno Trulli
94%
8Japanese2021-Yuki Tsunoda
91%
2French1950-1964Maurice Trintignant
65%
4Italian1950-1956Piero Taruffi
65%
1French1977-1986Patrick Tambay
62%
9Japanese1998-1999Tora Takagi
41%
10Argentine1998Esteban Tuero
32%
5British1959-1966Trevor Taylor
21%
7Italian1987-1995Gabriele Tarquini
18%
6American1953-1960Johnny Thomson
12%

Score Distribution

Percentile by Number Answered

Percent of People with Each Score

Your Score History

You have not taken this quiz